|
|
|
|
| LEADER |
00967naa a2200229 i 4500 |
| 001 |
acta54280 |
| 005 |
20230602101446.0 |
| 008 |
180711s2000 hu o 1|| hun d |
| 020 |
|
|
|a 978-963-306-001-8
|
| 040 |
|
|
|a SZTE Egyetemi Kiadványok Repozitórium
|b hun
|
| 041 |
|
|
|a hun
|
| 100 |
1 |
|
|a Kálmán László
|
| 245 |
1 |
2 |
|a A magyar igekötő egyeztetése
|h [elektronikus dokumentum] /
|c Kálmán László
|
| 260 |
|
|
|a JATE Általános Nyelvészeti Tanszék
|b Szeged
|c 2000
|
| 300 |
|
|
|a 203-211
|
| 490 |
0 |
|
|a A mai magyar nyelv leírásának újabb módszerei
|v 4
|
| 650 |
|
4 |
|a Bölcsészettudományok
|
| 650 |
|
4 |
|a Nyelvek és irodalom
|
| 695 |
|
|
|a Nyelvészet - magyar, Nyelvtudomány, Magyar nyelvtan, Magyar nyelv - mondattan, Magyar nyelv - igekötő
|
| 700 |
0 |
1 |
|a Trón Viktor
|e aut
|
| 711 |
|
|
|a A mai magyar nyelv leírásásnak újabb módszerei (4.)
|c Szeged
|d 1999
|
| 856 |
4 |
0 |
|u http://acta.bibl.u-szeged.hu/54280/1/mai_magyar_nyelv_004_203-211.pdf
|z Dokumentum-elérés
|